Welcome to the Holygrace Academy Library

Please use search bar below to get started

HORRIBLE GEOGRAPHY (Record no. 5761)

MARC details
000 -LEADER
fixed length control field 00357nam a22001577a 4500
020 ## - INTERNATIONAL STANDARD BOOK NUMBER
ISBN 978-0-439944-60-1
082 ## - DEWEY DECIMAL CLASSIFICATION NUMBER
Classification number 823
Item number GAN/H
100 ## - MAIN ENTRY--AUTHOR NAME
Personal name GANERI, ANITA
245 ## - TITLE STATEMENT
Title HORRIBLE GEOGRAPHY
246 ## - VARYING FORM OF TITLE
Title proper/short title BLOOMIN RAIN FORESTS
260 ## - PUBLICATION, DISTRIBUTION, ETC. (IMPRINT)
Place of publication LONDON
Name of publisher SCHOLASTIC CHILDRENS BOOKS
Year of publication 2008
300 ## - PHYSICAL DESCRIPTION
Number of Pages 128
520 ## - SUMMARY, ETC.
Summary, etc STORY
650 ## - SUBJECT ADDED ENTRY--TOPICAL TERM
Topical Term STORY
942 ## - ADDED ENTRY ELEMENTS (KOHA)
Koha item type Books
Holdings
Withdrawn status Lost status Collection code Home library Current library Shelving location Date acquired Source of acquisition Full call number Accession Number Koha item type
    Fiction Main Library Main Library SHELF 4-C HORRIBLE HISTORIES 25/03/2014 Purchase 823 GAN/H 08185 Books